[Event "CAN-ch U12"]
[Site "Vancouver"]
[Date "2012.07.04"]
[Round "3"]
[White "Wang, Edward"]
[Black "Shi, Jasper"]
[Result "0-1"]
[WhiteElo "1132"]
[BlackElo "1088"]
[PlyCount "116"]
[EventDate "2012.07.03"]
[EventType "swiss"]
[EventRounds "7"]
[EventCountry "CAN"]
[SourceTitle "EXT 2022"]
[Source "ChessBase"]
[SourceDate "2021.10.06"]
[SourceVersion "1"]
[SourceVersionDate "2021.10.06"]
[SourceQuality "1"]

1. e4 c6 2. d4 d5 3. Nc3 dxe4 4. Nxe4 Bf5 5. Ng3 Bg6 6. h4 h6 7. h5 Bh7 8. Nf3 Nd7 9. Bd3 Bxd3 10. Qxd3 e6 11. Bf4 Ngf6 12. 0-0 Qb6 13. Qb3 Qxb3 14. axb3 Be7 15. Ne5 0-0 16. Nc4 Nd5 17. Bd6 Bxd6 18. Nxd6 b6 19. c4 N5f6 20. Rfe1 c5 21. dxc5 Nxc5 22. b4 Nd3 23. Re3 Nxb4 24. Ra4 Nc6 25. Nge4 Nxh5 26. Rh3 Nf4 27. Rf3 Ne2+ 28. Kf1 Ned4 29. Rg3 Nf5 30. Nxf5 exf5 31. Nf6+ Kh8 32. Nh5 Rg8 33. Ra6 g6 34. Nf6 Rgd8 35. c5 Nb4 36. Ra4 bxc5 37. Rc3 Nd3 38. Raa3 Nxb2 39. Rxc5 Rd6 40. Nd5 Nc4 41. Rxc4 Rxd5 42. Rh3 Kg7 43. Rch4 h5 44. Rg3 a5 45. Rxh5 Rh8 46. Rhg5 Rd2 47. Rxg6+ fxg6 48. Ke1 Ra2 49. Rh3 Rxh3 50. gxh3 a4 51. Kd1 a3 52. Kc1 Rxf2 53. Kb1 Kf6 54. Ka1 g5 55. h4 gxh4 56. Kb1 h3 57. Kc1 a2 58. Kd1 a1R# 0-1